000 00522nam a2200193Ia 4500
005 20250326142508.0
008 250326s9999 xx 000 0 und d
037 _aTextbook
040 _aFMSL
_beng
_cFMSL
041 _aeng
_2eng
084 _aX:8F N6
_qFMSL
100 _aIngram R W
_9744138
245 0 _aFicial information for decision account
_cIngram R W
250 _aEd 2
260 _aNY
_bNY, South Western College
_c1996
300 _a684p
942 _cTB
_hX:8F N6
999 _c1295305
_d1295305